| 000 | 00388cam a22001097a 4500 | ||
|---|---|---|---|
| 008 | 180718b1968- xxu||||| |||| 00| 0 eng d | ||
| 082 | _aI5001x54 In2 | ||
| 100 | _aIndia. Ministry of Home Affairs | ||
| 245 |
_aOfficial directory _cby Ministry of Home Affairs |
||
| 260 |
_aNew Delhi _bMinistry of Home Affairs _c1968- |
||
| 500 | _aLibrary has 1968-1971, 1975-1979, 1981, 1984-1987, 1989, 1992 | ||
| 999 |
_c491151 _d491151 |
||